Vista normal
Vista MARC
Entrada Materia (corporativa)
Número de registros utilizados en: 2
001 - CONTROL NUMBER
- control field: 27917
003 - CONTROL NUMBER IDENTIFIER
- control field: Co-BoUCM
005 - DATE AND TIME OF LATEST TRANSACTION
- control field: 20130211091147.0
008 - FIXED-LENGTH DATA ELEMENTS
- fixed length control field: 130211|| aca||aabn | a|a d
040 ## - CATALOGING SOURCE
- Original cataloging agency: Co-BoUCM
- Transcribing agency: Co-BoUCM
110 ## - HEADING--CORPORATE NAME
- Corporate name or jurisdiction name as entry element: Real Academia de la Historia
- Location of meeting: (Madrid)
670 ## - SOURCE DATA FOUND
- Source citation: Work cat.: (Co-BoUCM)66958: Alfonso X El sabio, Rey de Castilla y León 1221-1284 27915, Las siete partidas del Rey Don Alfonso El Sabio, 1843